[Event "FRA-chT2 North 0809"]
[Site "France"]
[Date "2008.11.23"]
[Round "3.8"]
[White "Clofullia, Angelique"]
[Black "Coudray, Carine"]
[Result "0-1"]
[WhiteElo "1956"]
[BlackElo "1850"]
[PlyCount "102"]
[EventDate "2008.10.19"]
[EventType "tourn"]
[EventRounds "11"]
[EventCountry "FRA"]
[SourceTitle "EXT 2010"]
[Source "ChessBase"]
[SourceDate "2010.11.25"]
[SourceVersion "1"]
[SourceVersionDate "2010.11.25"]
[SourceQuality "1"]
[WhiteTeam "Arras"]
[BlackTeam "Livry Gargan"]
[WhiteTeamCountry "FRA"]
[BlackTeamCountry "FRA"]

1. d4 Nf6 2. Nf3 d5 3. Bf4 e6 4. e3 Be7 5. c4 0-0 6. Nc3 c6 7. Bd3 dxc4 8. Bxc4 Nd5 9. Bg3 Nxc3 10. bxc3 b5 11. Bb3 Bb7 12. 0-0 c5 13. dxc5 Bxc5 14. Nd4 Bxd4 15. cxd4 Nd7 16. Qh5 a6 17. Bc2 Nf6 18. Qh3 Rc8 19. Rfc1 Be4 20. Bd1 Qa5 21. Bb3 Qa3 22. Rxc8 Rxc8 23. Re1 Bd5 24. Bxd5 Nxd5 25. Be5 Rc1 26. Rf1 Rxf1+ 27. Kxf1 Qd3+ 28. Ke1 Qb1+ 29. Ke2 Qxa2+ 30. Kf3 Qc2 31. g3 Qc6 32. e4 f6 33. Bb8 Nc3 34. Qh4 Qb6 35. Bf4 Qxd4 36. Be3 Qd7 37. Kg2 a5 38. Bb6 Qc6 39. Bxa5 Qxe4+ 40. Qxe4 Nxe4 41. Kf3 f5 42. Ke3 Kf7 43. f3 Nf6 44. Kd4 Nd5 45. Bd2 b4 46. Kc4 Kf6 47. Bc1 g5 48. Kc5 f4 49. Kd4 fxg3 50. hxg3 h5 51. Bb2 Kf5 0-1

[Event "FRA-chT2"]
[Site "France"]
[Date "2002.03.09"]
[Round "8"]
[White "Coudray, Carine"]
[Black "Chwastiak, Aurelie"]
[Result "1-0"]
[WhiteElo "1910"]
[BlackElo "1310"]
[PlyCount "41"]
[EventDate "2002.??.??"]
[EventType "team-tourn"]
[EventRounds "11"]
[EventCountry "FRA"]
[SourceTitle "EXT 2003"]
[Source "ChessBase"]
[SourceDate "2002.11.25"]
[SourceVersion "1"]
[SourceVersionDate "2002.11.25"]
[SourceQuality "1"]
[WhiteTeam "Livry Gargan"]
[BlackTeam "Lille"]
[WhiteTeamCountry "FRA"]
[BlackTeamCountry "FRA"]

1. e4 e6 2. d3 b6 3. Nd2 Bb7 4. Ngf3 Nc6 5. g3 Bc5 6. Bg2 Nge7 7. Nb3 Bb4+ 8. c3 Bd6 9. 0-0 0-0 10. d4 f6 11. h4 Qe8 12. Nh2 Nd8 13. h5 c5 14. dxc5 Bxc5 15. Nxc5 bxc5 16. Qd6 Rc8 17. h6 g5 18. Ng4 Rc6 19. Qd1 Ng6 20. e5 Rb6 21. Nxf6+ 1-0

[Event "FRA-chT2"]
[Site "France"]
[Date "2002.01.19"]
[Round "5.8"]
[White "Coudray, Carine"]
[Black "Lemeaux, David"]
[Result "0-1"]
[WhiteElo "1910"]
[BlackElo "2179"]
[PlyCount "76"]
[EventDate "2002.??.??"]
[EventType "team-tourn"]
[EventRounds "11"]
[EventCountry "FRA"]
[SourceTitle "EXT 2003"]
[Source "ChessBase"]
[SourceDate "2002.11.25"]
[SourceVersion "1"]
[SourceVersionDate "2002.11.25"]
[SourceQuality "1"]

1. e4 c5 2. Nf3 Nc6 3. Bb5 e6 4. 0-0 Nge7 5. Re1 a6 6. Bf1 d5 7. d3 d4 8. c4 e5 9. Bg5 h6 10. Bd2 Ng6 11. g3 Be7 12. Na3 Bg4 13. h3 Be6 14. Qc1 0-0 15. g4 Nh4 16. Nxh4 Bxh4 17. Re2 Bg5 18. f4 exf4 19. Bxf4 Ne5 20. Bxg5 hxg5 21. Rf2 f6 22. Qd2 Qd6 23. Be2 Rab8 24. b3 Ng6 25. Rh2 Kf7 26. Rf1 Rh8 27. Rff2 Ke7 28. Nc2 Rh4 29. b4 b6 30. Bf1 Rbh8 31. a3 Nf4 32. Rf3 Bxg4 33. bxc5 bxc5 34. Rff2 Bxh3 35. e5 fxe5 36. Bxh3 Nxh3+ 37. Rxh3 Rxh3 38. Qxg5+ Ke8 0-1

[Event "FRA-chT2"]
[Site "France"]
[Date "2001.10.14"]
[Round "1"]
[White "Bonvalot, Isabelle"]
[Black "Coudray, Carine"]
[Result "1-0"]
[WhiteElo "2023"]
[BlackElo "1900"]
[PlyCount "89"]
[EventDate "2002.??.??"]
[EventType "team-tourn"]
[EventRounds "11"]
[EventCountry "FRA"]
[SourceTitle "EXT 2003"]
[Source "ChessBase"]
[SourceDate "2002.11.25"]
[SourceVersion "1"]
[SourceVersionDate "2002.11.25"]
[SourceQuality "1"]

1. e4 c6 2. d4 d5 3. exd5 cxd5 4. Bd3 Nf6 5. Bf4 Nc6 6. c3 g6 7. h3 Bg7 8. Nf3 0-0 9. 0-0 a6 10. Re1 b5 11. Qd2 Bb7 12. Bh6 Rc8 13. Bxg7 Kxg7 14. Na3 Qd6 15. Nc2 Rc7 16. Re2 Rfc8 17. Rae1 e6 18. a3 Na5 19. Qg5 Ne4 20. Qh4 Qe7 21. Qf4 Qf6 22. Qh2 Nc4 23. Ne3 h5 24. Ne5 a5 25. f3 Ned6 26. g4 Nxe3 27. Rxe3 Nc4 28. R3e2 hxg4 29. fxg4 b4 30. axb4 axb4 31. Nxg6 bxc3 32. bxc3 Qf3 33. Bxc4 dxc4 34. Re3 Qd5 35. Nf4 Qa5 36. Nh5+ Kg6 37. Qc2+ f5 38. Rxe6+ Kf7 39. Rf6+ Kg8 40. Rxf5 Qb6 41. Rf6 Qb3 42. Qg6+ Kh8 43. Re8+ Rxe8 44. Qxe8+ Kh7 45. Qg6+ 1-0

[Event "FRA-ch (Women)"]
[Site "Nantes"]
[Date "1993.??.??"]
[Round "5"]
[White "Coudray, Carine"]
[Black "Mora, Virginie"]
[Result "1/2-1/2"]
[WhiteElo "2000"]
[BlackElo "2165"]
[PlyCount "38"]
[EventDate "1993.??.??"]
[EventType "tourn"]
[EventRounds "11"]
[EventCountry "FRA"]
[SourceTitle "EXT 1997"]
[Source "ChessBase"]
[SourceDate "1996.11.15"]
[SourceVersion "1"]
[SourceVersionDate "1996.11.15"]
[SourceQuality "1"]

1. e4 e5 2. Nf3 f5 3. Nxe5 Qf6 4. d4 d6 5. Nd3 fxe4 6. Nf4 Qf7 7. Nc3 Nf6 8. Be2 d5 9. a3 c6 10. Be3 Bd6 11. h4 0-0 12. Nh3 Bxh3 13. Rxh3 Qg6 14. g4 h5 15. gxh5 Qg2 16. Bf1 Qg1 17. Ne2 Qg4 18. Ng3 Qxd1+ 19. Rxd1 Ng4 1/2-1/2

[Event "FRA-ch (Women)"]
[Site "Nantes"]
[Date "1993.??.??"]
[Round "1"]
[White "Coudray, Carine"]
[Black "Redon, Claire Line"]
[Result "1-0"]
[WhiteElo "2000"]
[BlackElo "2000"]
[PlyCount "55"]
[EventDate "1993.??.??"]
[EventType "tourn"]
[EventRounds "11"]
[EventCountry "FRA"]
[SourceTitle "EXT 1997"]
[Source "ChessBase"]
[SourceDate "1996.11.15"]
[SourceVersion "1"]
[SourceVersionDate "1996.11.15"]
[SourceQuality "1"]

1. e4 e6 2. d3 Nf6 3. Nf3 c5 4. g3 Be7 5. Bg2 d6 6. 0-0 0-0 7. Re1 Nc6 8. Nbd2 Qc7 9. a4 a6 10. Nc4 Nd7 11. Qe2 Rb8 12. e5 d5 13. Ncd2 b5 14. axb5 axb5 15. Nf1 Bb7 16. Bf4 Ra8 17. h4 Nb6 18. h5 h6 19. N1h2 d4 20. Ng4 Nd5 21. Bd2 Rxa1 22. Rxa1 Re8 23. Ne1 Kf8 24. Bxd5 exd5 25. Nxh6 Qxe5 26. Qg4 Qf6 27. Qf5 Bc8 28. Qh7 1-0

[Event "FRA-ch (Women)"]
[Site "Nantes"]
[Date "1993.??.??"]
[Round "2"]
[White "Dubois, Martine"]
[Black "Coudray, Carine"]
[Result "1-0"]
[WhiteElo "2080"]
[BlackElo "2000"]
[PlyCount "83"]
[EventDate "1993.??.??"]
[EventType "tourn"]
[EventRounds "11"]
[EventCountry "FRA"]
[SourceTitle "EXT 1997"]
[Source "ChessBase"]
[SourceDate "1996.11.15"]
[SourceVersion "1"]
[SourceVersionDate "1996.11.15"]
[SourceQuality "1"]

1. e4 c6 2. d4 d5 3. f3 e6 4. Nc3 Nf6 5. Bf4 Be7 6. Qd2 Bb4 7. Bd3 c5 8. a3 Qa5 9. Bb5+ Nc6 10. e5 Nd7 11. Bxc6 bxc6 12. Rb1 cxd4 13. axb4 dxc3 14. bxa5 cxd2+ 15. Kxd2 Ba6 16. Ne2 Rb8 17. b4 Kd8 18. Rb3 Rb7 19. Rhb1 Kc7 20. Nd4 g6 21. Bg3 h5 22. f4 Rhb8 23. Bh4 Re8 24. Bf2 Reb8 25. c3 Bc4 26. R3b2 Nc5 27. Nb5+ cxb5 28. Bxc5 Ra8 29. a6 Rb6 30. Bxb6+ Kxb6 31. Ra1 Rf8 32. Ke3 f6 33. Rf2 Bb3 34. Kd4 fxe5+ 35. Kxe5 Rf5+ 36. Kd4 Rf8 37. Re1 Re8 38. Rfe2 Kxa6 39. Rxe6+ Rxe6 40. Rxe6+ Kb7 41. Rxg6 Kc7 42. Kc5 1-0

[Event "FRA-ch (Women)"]
[Site "Nantes"]
[Date "1993.??.??"]
[Round "4"]
[White "Fruteau, Sabine"]
[Black "Coudray, Carine"]
[Result "1-0"]
[WhiteElo "2185"]
[BlackElo "2000"]
[PlyCount "59"]
[EventDate "1993.??.??"]
[EventType "tourn"]
[EventRounds "11"]
[EventCountry "FRA"]
[SourceTitle "EXT 1997"]
[Source "ChessBase"]
[SourceDate "1996.11.15"]
[SourceVersion "1"]
[SourceVersionDate "1996.11.15"]
[SourceQuality "1"]

1. e4 e6 2. d4 d5 3. e5 c5 4. c3 Qb6 5. Nf3 Bd7 6. a3 Bb5 7. c4 Bxc4 8. Bxc4 dxc4 9. d5 exd5 10. Qxd5 Qc6 11. Qxc4 Na6 12. Ng5 Nh6 13. e6 fxe6 14. 0-0 0-0-0 15. Nxe6 Rd6 16. Re1 Qd5 17. Qe2 Nc7 18. Nxc7 Kxc7 19. Bf4 Nf5 20. Nc3 Qc6 21. Nb5+ Kb6 22. a4 a5 23. Bxd6 Nxd6 24. b4 Nxb5 25. bxa5+ Kc7 26. axb5 Qd5 27. b6+ Kc6 28. Qe8+ Qd7 29. Re6+ Bd6 30. Rxd6+ 1-0

[Event "Wch U18 Girls 5th"]
[Site "Guarapuava"]
[Date "1991.07.??"]
[Round "3"]
[White "Zak, Irina"]
[Black "Coudray, Carine"]
[Result "1-0"]
[WhiteElo "2120"]
[BlackElo "2020"]
[PlyCount "99"]
[EventDate "1991.07.16"]
[EventType "swiss"]
[EventRounds "11"]
[EventCountry "BRA"]
[SourceTitle "EXT 2016"]
[Source "ChessBase"]
[SourceDate "2015.10.08"]
[SourceVersion "1"]
[SourceVersionDate "2015.10.08"]
[SourceQuality "1"]

1. Nf3 Nf6 2. c4 e6 3. g3 d5 4. Bg2 Be7 5. 0-0 0-0 6. Qc2 a6 7. b3 dxc4 8. bxc4 c5 9. Ne5 Nbd7 10. Nd3 Rb8 11. a4 b6 12. Nc3 Qc7 13. Ne1 Bb7 14. e4 Ne5 15. d3 Nc6 16. f4 Nd4 17. Qd1 Nd7 18. Be3 Bf6 19. Rc1 Rbd8 20. Rf2 Nb8 21. Nf3 Nbc6 22. e5 Be7 23. Bxd4 Nxd4 24. Rb1 Nc6 25. Ne1 Nb4 26. Bxb7 Qxb7 27. Qf3 Qxf3 28. Rxf3 Rd7 29. Kf2 h5 30. Ne4 Rfd8 31. Ke2 Rd4 32. Re3 R4d7 33. h3 Rd4 34. Rb2 R4d7 35. Nf2 Rb8 36. Nc2 Rbd8 37. g4 hxg4 38. hxg4 Rb8 39. Rh3 Nxc2 40. Rxc2 Rd4 41. Ne4 f5 42. exf6 gxf6 43. f5 exf5 44. gxf5 Rf8 45. Rb2 Bd8 46. Rb1 Rd7 47. Rbh1 Kf7 48. Rg3 Bc7 49. Rh7+ Ke8 50. Nxf6+ 1-0

[Event "FRA-ch (Women)"]
[Site "Montpellier"]
[Date "1991.??.??"]
[Round "8"]
[White "Coudray, Carine"]
[Black "Moingt, Anne"]
[Result "1/2-1/2"]
[WhiteElo "2020"]
[BlackElo "2010"]
[PlyCount "44"]
[EventDate "1991.??.??"]
[EventType "tourn"]
[EventRounds "11"]
[EventCountry "FRA"]
[SourceTitle "EXT 1999"]
[Source "ChessBase"]
[SourceDate "1998.11.16"]
[SourceVersion "1"]
[SourceVersionDate "1998.11.16"]
[SourceQuality "1"]

1. e4 c5 2. Nc3 Nc6 3. g3 g6 4. Bg2 Bg7 5. f4 e6 6. Nf3 d6 7. d3 Nge7 8. 0-0 0-0 9. Be3 Nd4 10. e5 Nef5 11. Bf2 Nxf3+ 12. Qxf3 Nd4 13. Qd1 dxe5 14. fxe5 Bxe5 15. Ne4 f5 16. Nxc5 Qc7 17. b4 f4 18. gxf4 Rxf4 19. c3 Nf5 20. d4 Rxf2 21. Rxf2 Bxh2+ 22. Kh1 Bg3 1/2-1/2

[Event "FRA-ch (Women)"]
[Site "Montpellier"]
[Date "1991.??.??"]
[Round "4"]
[White "Coudray, Carine"]
[Black "Mora, Virginie"]
[Result "1/2-1/2"]
[WhiteElo "2020"]
[BlackElo "1740"]
[PlyCount "69"]
[EventDate "1991.??.??"]
[EventType "tourn"]
[EventRounds "11"]
[EventCountry "FRA"]
[SourceTitle "EXT 1999"]
[Source "ChessBase"]
[SourceDate "1998.11.16"]
[SourceVersion "1"]
[SourceVersionDate "1998.11.16"]
[SourceQuality "1"]

1. e4 c5 2. Nf3 d6 3. Bb5+ Bd7 4. Bxd7+ Qxd7 5. 0-0 Nc6 6. Re1 e6 7. c3 Be7 8. d4 cxd4 9. cxd4 Nf6 10. Nc3 0-0 11. d5 exd5 12. Nxd5 Nxd5 13. exd5 Na5 14. Qd3 Rac8 15. Bg5 Bd8 16. Bxd8 Qxd8 17. b3 a6 18. Re4 Qf6 19. Rae1 Qc3 20. Qxc3 Rxc3 21. Nd4 g6 22. Kf1 Kg7 23. Ke2 b5 24. Kd2 Rc5 25. Re7 Rxd5 26. Ke3 Re5+ 27. Rxe5 dxe5 28. Nf3 f6 29. Rc1 Rf7 30. Ke4 Rd7 31. g4 h6 32. h4 g5 33. h5 Kf7 34. Rc8 Kg7 35. Rc1 1/2-1/2

[Event "FRA-ch (Women)"]
[Site "Montpellier"]
[Date "1991.??.??"]
[Round "11"]
[White "Coudray, Carine"]
[Black "Winkler, Caroline"]
[Result "1/2-1/2"]
[WhiteElo "2020"]
[BlackElo "2020"]
[PlyCount "137"]
[EventDate "1991.??.??"]
[EventType "tourn"]
[EventRounds "11"]
[EventCountry "FRA"]
[SourceTitle "EXT 1999"]
[Source "ChessBase"]
[SourceDate "1998.11.16"]
[SourceVersion "1"]
[SourceVersionDate "1998.11.16"]
[SourceQuality "1"]

1. e4 c6 2. d4 d5 3. Nd2 dxe4 4. Nxe4 Bf5 5. Ng3 Bg6 6. N1e2 e6 7. Nf4 Bd6 8. Bc4 Nf6 9. Qe2 Qc7 10. Nd3 Nbd7 11. 0-0 0-0 12. c3 c5 13. dxc5 Nxc5 14. Nxc5 Bxc5 15. Bg5 Be7 16. Rfe1 h6 17. Be3 Rad8 18. Bd4 Nd5 19. Bb3 Qc6 20. f3 Bc5 21. Bxc5 Qxc5+ 22. Kh1 Nf4 23. Ne4 Bxe4 24. Qxe4 Nd3 25. Qe3 Qxe3 26. Rxe3 Nxb2 27. Re2 Nd3 28. Bc4 Nf4 29. Rb2 b6 30. a4 Nd5 31. Bxd5 Rxd5 32. Kg1 Rfd8 33. Raa2 Ra5 34. Kf2 Rc8 35. Ra3 Rc4 36. Rb4 Rac5 37. Rxc4 Rxc4 38. a5 b5 39. a6 Kf8 40. Ra5 Ra4 41. Rxb5 Rxa6 42. c4 Rb6 43. Ra5 Rb7 44. h4 Ke7 45. Ke3 Kd6 46. Kd4 Rc7 47. Ra6+ Ke7 48. g4 Kf6 49. f4 g6 50. Ra5 Ke7 51. f5 exf5 52. gxf5 gxf5 53. Rxf5 Rc6 54. Ra5 a6 55. Rh5 Kd7 56. Rf5 Ke6 57. Rh5 Ke7 58. Kd5 Kd7 59. Kd4 Rf6 60. Ke4 Kc6 61. Ke5 Re6+ 62. Kd4 Rg6 63. Rf5 f6 64. h5 Rg4+ 65. Kc3 Rh4 66. Rxf6+ Kc5 67. Rf5+ Kd6 68. Ra5 Kc7 69. Rf5 1/2-1/2

[Event "Orange op"]
[Site "Orange"]
[Date "1990.??.??"]
[Round "4"]
[White "Coudray, Carine"]
[Black "Roos, Daniel"]
[Result "0-1"]
[WhiteElo "2030"]
[BlackElo "2380"]
[PlyCount "112"]
[EventDate "1990.??.??"]
[EventType "swiss"]
[EventRounds "9"]
[EventCountry "FRA"]
[SourceTitle "EXT 1999"]
[Source "ChessBase"]
[SourceDate "1998.11.16"]
[SourceVersion "1"]
[SourceVersionDate "1998.11.16"]
[SourceQuality "1"]

1. e4 c6 2. d3 d5 3. Nd2 Qc7 4. Ngf3 Bg4 5. Be2 Nd7 6. 0-0 e6 7. Re1 Bd6 8. Nf1 Ne7 9. Nd4 Bxe2 10. Qxe2 dxe4 11. dxe4 0-0-0 12. c3 h6 13. b4 g5 14. a4 Ng6 15. Be3 Nf6 16. Bd2 Be5 17. b5 c5 18. b6 Qxb6 19. Reb1 Qd6 20. Nb5 Qd3 21. Nxa7+ Kb8 22. Nc6+ Kc7 23. Qxd3 Rxd3 24. Nxe5 Nxe5 25. f4 Nxe4 26. fxe5 Nxd2 27. Nxd2 Rxd2 28. Rb5 Rd5 29. Rf1 Rf8 30. Rfb1 Rb8 31. Rf1 Rxe5 32. Rxf7+ Kc6 33. Rh7 Re1+ 34. Kf2 Re4 35. Rxh6 Rf8+ 36. Kg3 Rxa4 37. Rb3 Re4 38. Rh7 b5 39. Rg7 Rf5 40. Rg8 c4 41. Ra3 Re3+ 42. Kg4 Ree5 43. g3 Kd5 44. Rd8+ Ke4 45. Rd4+ Ke3 46. Ra6 Rf2 47. h4 gxh4 48. Kxh4 Rh2+ 49. Kg4 Rc2 50. Rdd6 Re4+ 51. Kh3 Rxc3 52. Rxe6 b4 53. Rxe4+ Kxe4 54. Ra1 b3 55. Kh4 b2 56. Rb1 Rb3 0-1

[Event "Orange op"]
[Site "Orange"]
[Date "1990.??.??"]
[Round "6"]
[White "Coudray, Carine"]
[Black "Weill, Roland"]
[Result "0-1"]
[WhiteElo "2030"]
[BlackElo "2255"]
[PlyCount "80"]
[EventDate "1990.??.??"]
[EventType "swiss"]
[EventRounds "9"]
[EventCountry "FRA"]
[SourceTitle "EXT 1999"]
[Source "ChessBase"]
[SourceDate "1998.11.16"]
[SourceVersion "1"]
[SourceVersionDate "1998.11.16"]
[SourceQuality "1"]

1. e4 e5 2. Nf3 Nc6 3. Bb5 a6 4. Ba4 d6 5. 0-0 Bd7 6. c3 Nf6 7. Re1 Be7 8. h3 0-0 9. d4 Re8 10. Nbd2 Bf8 11. d5 Nb8 12. Bxd7 Nbxd7 13. Nf1 c6 14. c4 Qc7 15. Ng3 b5 16. dxc6 Qxc6 17. cxb5 Qxb5 18. b3 Nc5 19. Ba3 Nd3 20. Re3 Nf4 21. Nd2 Rad8 22. Qc1 d5 23. exd5 Bxa3 24. Qxa3 Qxd5 25. Nf3 e4 26. Ne1 Qe5 27. Rc1 N4d5 28. Re2 Nc3 29. Rec2 Nd1 30. Nf1 e3 31. fxe3 Nxe3 32. Nxe3 Qxe3+ 33. Kh1 Ne4 34. Qb2 Ng3+ 35. Kh2 Ne2 36. Nf3 Qf4+ 37. Kh1 Nxc1 38. Rxc1 Re3 39. Rf1 Rxf3 40. gxf3 Rd2 0-1

[Event "Paris Elo (Women)"]
[Site "Paris"]
[Date "1989.??.??"]
[Round "?"]
[White "Boulongne, Nina"]
[Black "Coudray, Carine"]
[Result "1/2-1/2"]
[WhiteElo "2005"]
[BlackElo "1690"]
[PlyCount "132"]
[EventDate "1989.??.??"]
[EventType "swiss"]
[EventRounds "9"]
[EventCountry "FRA"]
[SourceTitle "TD"]
[Source "ChessBase"]
[SourceDate "1994.03.01"]
[SourceVersion "1"]
[SourceVersionDate "1994.03.01"]
[SourceQuality "1"]

1. e4 c6 2. d4 d5 3. Nc3 dxe4 4. Nxe4 Nd7 5. Nf3 Ngf6 6. Ng3 g6 7. Bd3 Bg7 8. Bg5 0-0 9. Qd2 Qb6 10. 0-0-0 c5 11. Be3 Nd5 12. Bc4 Nb4 13. Bb3 a5 14. a4 cxd4 15. Bxd4 Bxd4 16. Nxd4 Nc5 17. Qe3 Nxb3+ 18. Qxb3 e5 19. Nb5 Be6 20. Qe3 Qxe3+ 21. fxe3 Rac8 22. Rd2 Bb3 23. Nc3 Na2+ 24. Nxa2 Bxa2 25. Ne4 Be6 26. h3 Rfd8 27. Rhd1 Rxd2 28. Rxd2 Rc4 29. Nc3 Kf8 30. Rd8+ Ke7 31. Rb8 Rc7 32. g4 h5 33. gxh5 gxh5 34. h4 Rd7 35. Ne4 Rc7 36. Nf2 Kf6 37. Rh8 Kg6 38. Rd8 Rc4 39. Rb8 Bd5 40. Rg8+ Kf6 41. Rd8 Bc6 42. b3 Rxh4 43. Ra8 Rh2 44. Nd3 Re2 45. Rxa5 Rxe3 46. Kd2 Re4 47. Ra8 Kg7 48. a5 h4 49. a6 bxa6 50. Rxa6 Bb5 51. Ra1 Bxd3 52. Kxd3 Rd4+ 53. Ke3 Rf4 54. Rg1+ Kh6 55. c4 f5 56. Rg8 Re4+ 57. Kf3 Rd4 58. Rb8 Rd3+ 59. Kg2 Rc3 60. Rb5 e4 61. Rxf5 Rxb3 62. Rf4 Kg5 63. Rxe4 Rc3 64. Rd4 Rc2+ 65. Kh3 Rc3+ 66. Kh2 Rc2+ 1/2-1/2

[Event "Paris Elo (Women)"]
[Site "Paris"]
[Date "1989.??.??"]
[Round "?"]
[White "Gocheva, Rumiana B"]
[Black "Coudray, Carine"]
[Result "1-0"]
[WhiteElo "2210"]
[BlackElo "1690"]
[PlyCount "85"]
[EventDate "1989.??.??"]
[EventType "swiss"]
[EventRounds "9"]
[EventCountry "FRA"]
[SourceTitle "TD"]
[Source "ChessBase"]
[SourceDate "1994.03.01"]
[SourceVersion "1"]
[SourceVersionDate "1994.03.01"]
[SourceQuality "1"]

1. g3 d5 2. Bg2 Nf6 3. Nf3 Bf5 4. d3 e6 5. Nh4 Bg6 6. c4 c6 7. Nd2 Bc5 8. 0-0 Nbd7 9. cxd5 exd5 10. Rb1 Ne5 11. b4 Bb6 12. Bb2 Qc7 13. a4 a6 14. Qb3 Neg4 15. e3 Nxf2 16. Rxf2 Bxe3 17. Re1 Ng4 18. Rxe3+ Nxe3 19. Re2 Qb6 20. d4 0-0-0 21. Rxe3 Rhe8 22. Rxe8 Rxe8 23. b5 axb5 24. Nxg6 hxg6 25. axb5 f6 26. bxc6 Qxb3 27. Nxb3 bxc6 28. Kf2 Kc7 29. Nc5 Ra8 30. Bc3 Ra2+ 31. Kg1 Kd6 32. Bb4 Ra1+ 33. Bf1 Rb1 34. Nd3+ Kd7 35. h4 Rd1 36. Bf8 Ke6 37. Bxg7 Kf5 38. Kf2 Ke6 39. Bh6 Rb1 40. g4 Rb8 41. h5 gxh5 42. gxh5 Rh8 43. Bg7 1-0